<?xml version="1.0" encoding="UTF-8"?>
<record
    xmlns:xsi="http://www.w3.org/2001/XMLSchema-instance"
    xsi:schemaLocation="http://www.loc.gov/MARC21/slim http://www.loc.gov/standards/marcxml/schema/MARC21slim.xsd"
    xmlns="http://www.loc.gov/MARC21/slim">

  <leader>01075nam a22002657a 4500</leader>
  <controlfield tag="003">BPGM</controlfield>
  <controlfield tag="005">20260624195248.0</controlfield>
  <controlfield tag="008">260624b2006    mx ||||| |||| 001 0 spa d</controlfield>
  <datafield tag="020" ind1=" " ind2=" ">
    <subfield code="a">978-968-9350-05-7</subfield>
  </datafield>
  <datafield tag="040" ind1=" " ind2=" ">
    <subfield code="a">BPGM</subfield>
    <subfield code="b">spa</subfield>
  </datafield>
  <datafield tag="041" ind1=" " ind2=" ">
    <subfield code="a">spa</subfield>
    <subfield code="h">spa</subfield>
  </datafield>
  <datafield tag="082" ind1="0" ind2="4">
    <subfield code="a">CQ / 861.08M /</subfield>
    <subfield code="b">C68 /</subfield>
  </datafield>
  <datafield tag="100" ind1=" " ind2=" ">
    <subfield code="a">VILLANUEVA, RODRIGUEZ </subfield>
  </datafield>
  <datafield tag="245" ind1=" " ind2=" ">
    <subfield code="a">CRECE LA SILENCIOSA ESPIGA</subfield>
  </datafield>
  <datafield tag="300" ind1=" " ind2=" ">
    <subfield code="a">79 p&#xE1;ginas</subfield>
    <subfield code="c">22.5 cm x 10.4 cm </subfield>
  </datafield>
  <datafield tag="336" ind1=" " ind2=" ">
    <subfield code="2">rdacontent</subfield>
    <subfield code="a">texto</subfield>
    <subfield code="b">txt</subfield>
  </datafield>
  <datafield tag="337" ind1=" " ind2=" ">
    <subfield code="2">rdamedia</subfield>
    <subfield code="a">sin mediaci&#xF3;n</subfield>
    <subfield code="b">n</subfield>
  </datafield>
  <datafield tag="338" ind1=" " ind2=" ">
    <subfield code="2">rdacarrier</subfield>
    <subfield code="a">volumen </subfield>
    <subfield code="b">nc</subfield>
  </datafield>
  <datafield tag="505" ind1=" " ind2=" ">
    <subfield code="a">"CRECE LA SILENCIOSA ESPIGA &#xB4; ES UN CANTO A LA MADURACI&#xD3;N INTERIOR Y A LA PAZ ESPIRITUAL. RODR&#xCD;GUEZ VILLANUEVA NOS INVITA A MIRAR HACIA ADENTRO, SUGIRIENDO QUE LOS CAMBIOS M&#xC1;S PROFUNDOS E IMPORTANTES DE LA VIDA OCURREN DE MANERA CALLADA, INVISIBLE A LOS OJOS DE LOS DEM&#xC1;S, PERO FIRMES Y ORIENTADOS HACIA LA PLENITUD.</subfield>
  </datafield>
  <datafield tag="650" ind1=" " ind2=" ">
    <subfield code="a">LITERATURAS ESPA&#xD1;OLAS Y PORTUGUESA </subfield>
  </datafield>
  <datafield tag="650" ind1=" " ind2=" ">
    <subfield code="a">LITERATURAS ESPA&#xD1;OLAS Y PORTUGUESA </subfield>
  </datafield>
  <datafield tag="650" ind1=" " ind2=" ">
    <subfield code="a">POESIA ESPA&#xD1;OLA</subfield>
  </datafield>
  <datafield tag="700" ind1=" " ind2=" ">
    <subfield code="a">CALDERON, GARMA</subfield>
    <subfield code="e">COAUTOR</subfield>
  </datafield>
  <datafield tag="942" ind1=" " ind2=" ">
    <subfield code="2">ddc</subfield>
    <subfield code="c">COLQ</subfield>
  </datafield>
  <datafield tag="952" ind1=" " ind2=" ">
    <subfield code="0">0</subfield>
    <subfield code="1">0</subfield>
    <subfield code="2">ddc</subfield>
    <subfield code="4">0</subfield>
    <subfield code="7">2</subfield>
    <subfield code="8">ESPQ</subfield>
    <subfield code="a">BPCEFC</subfield>
    <subfield code="b">BPCEFC</subfield>
    <subfield code="c">SALA QUER&#xC9;TARO ACCESO B PLANTA ALTA</subfield>
    <subfield code="d">2010-02-10</subfield>
    <subfield code="e">DONADO</subfield>
    <subfield code="l">0</subfield>
    <subfield code="o">CQ / 861.08M / C68 /</subfield>
    <subfield code="r">2026-06-24 19:27:54</subfield>
    <subfield code="t">EJ.1</subfield>
    <subfield code="w">2026-06-24</subfield>
    <subfield code="y">COLQ</subfield>
  </datafield>
  <datafield tag="952" ind1=" " ind2=" ">
    <subfield code="0">0</subfield>
    <subfield code="1">0</subfield>
    <subfield code="2">ddc</subfield>
    <subfield code="4">0</subfield>
    <subfield code="7">2</subfield>
    <subfield code="8">ESPQ</subfield>
    <subfield code="a">BPCEFC</subfield>
    <subfield code="b">BPCEFC</subfield>
    <subfield code="c">SALA QUER&#xC9;TARO ACCESO B PLANTA ALTA</subfield>
    <subfield code="d">2010-02-10</subfield>
    <subfield code="e">DONADO</subfield>
    <subfield code="l">0</subfield>
    <subfield code="o">CQ / 861.08M / C68 /</subfield>
    <subfield code="r">2026-06-24 19:27:54</subfield>
    <subfield code="t">EJ.2</subfield>
    <subfield code="w">2026-06-24</subfield>
    <subfield code="y">COLQ</subfield>
  </datafield>
  <datafield tag="952" ind1=" " ind2=" ">
    <subfield code="0">0</subfield>
    <subfield code="1">0</subfield>
    <subfield code="2">ddc</subfield>
    <subfield code="4">0</subfield>
    <subfield code="7">2</subfield>
    <subfield code="8">ESPQ</subfield>
    <subfield code="a">BPCEFC</subfield>
    <subfield code="b">BPCEFC</subfield>
    <subfield code="c">SALA QUER&#xC9;TARO ACCESO B PLANTA ALTA</subfield>
    <subfield code="d">2010-02-10</subfield>
    <subfield code="e">DONADO</subfield>
    <subfield code="l">0</subfield>
    <subfield code="o">CQ / 861.08M / C68 /</subfield>
    <subfield code="r">2026-06-24 19:27:54</subfield>
    <subfield code="t">EJ.3</subfield>
    <subfield code="w">2026-06-24</subfield>
    <subfield code="y">COLQ</subfield>
  </datafield>
  <datafield tag="999" ind1=" " ind2=" ">
    <subfield code="c">68659</subfield>
    <subfield code="d">68659</subfield>
  </datafield>
</record>
